LDR 00801naa#a2200193#i#450# 001 EN\\bibl\126818 005 20260701220057.3 011 ## _a1815-588X 100 ## _a20260630b2026####ek#y0engy0150####ca 102 ## _aRU 200 1# _aA Method of Reducing the Braking Distance of an Electric Train Car by Improving the Design of the Clamping Mechanism of the Braking Device _eJournal article 210 1# _aSaint-Petersburg _cFSBEI HE "Emperor Alexander I St. Petersburg State Transport University" _d2026 215 ## _a10 с. 608 ## _aJournal article _2local 675 ## _a(Детали средств транспорта, кроме двигателей). 629.1.01 _z 700 #1 _aKorzhov _gSergey Nikolaevich 700 #1 _aYaickov _gIvan Anatol'evich 700 #1 _aPolyakov _gPavel Aleksandrovich 856 4# _aatjournal.ru _u